|
|
|
|
| LEADER |
00000cam a2200000 7i4500 |
| 001 |
0000092242 |
| 005 |
20230829103254.0 |
| 008 |
|
| 020 |
|
|
|a 9789671551295 (
|q (paperback))
|
| 040 |
|
|
|e rda
|
| 041 |
|
|
|a Malay
|
| 090 |
0 |
0 |
|a 899.231
|b HAS
|
| 100 |
1 |
|
|a Hasnah Yusoff ,
|e (author)
|
| 245 |
0 |
0 |
|a Dalam berkira-kira
|c Hasnah Yusoff
|
| 264 |
|
1 |
|a Kuantan, Pahang :
|b Perbadanan Perpustakaan Awam Pahang
|c 2021
|
| 300 |
|
|
|a 63 pages ;
|c 21 cm.
|
| 336 |
|
|
|a text
|2 rdacontent
|
| 337 |
|
|
|a unmediated
|2 rdamedia
|
| 338 |
|
|
|a volume
|2 rdacarrier
|
| 490 |
0 |
|
|a Sayembara Penulisan Puisi DPMP 2020
|
| 541 |
|
|
|c Purchased on 2023
|f 0251 JI
|h RM30.00
|
| 650 |
|
0 |
|a Malay poetry
|
| 650 |
|
0 |
|a Poetry
|
| 650 |
|
0 |
|a Puisi
|
| 730 |
0 |
|
|a Judul
|
| 999 |
|
|
|a 0001734367
|b Book
|c Adult Collection
|e Cawangan AEON Kulaijaya
|
| 999 |
|
|
|a 0001734368
|b Book
|c Adult Collection
|e Cawangan Urban Transformation Centre
|
| 999 |
|
|
|a 0001734369
|b Book
|c Adult Collection
|e Perbadanan Perpustakaan Awam Johor
|
| 999 |
|
|
|a 0001734370
|b Book
|c Adult Collection
|e Cawangan Tmn. Ungku Tun Aminah
|
| 999 |
|
|
|a 0001734371
|b Book
|c Adult Collection
|e Cawangan Muar
|
| 999 |
|
|
|a 0001734372
|b Book
|c Adult Collection
|e Cawangan Mersing
|
| 999 |
|
|
|a 0001734373
|b Book
|c Adult Collection
|e Cawangan Bandar Penawar
|
| 999 |
|
|
|a 0001734374
|b Book
|c Adult Collection
|e Perbadanan Perpustakaan Awam Johor
|
| 999 |
|
|
|a 0001734375
|b Book
|c Adult Collection
|e Cawangan Segamat
|
| 999 |
|
|
|a 0001734376
|b Book
|c Adult Collection
|e Cawangan Tangkak
|
| 999 |
|
|
|a 0001734377
|b Book
|c Adult Collection
|e Cawangan Sri Merlong
|
| 999 |
|
|
|a 0001734378
|b Book
|c Adult Collection
|e Cawangan Taman Sri Lambak
|
| 999 |
|
|
|a 0001734379
|b Book
|c Adult Collection
|e Cawangan Bandar Tenggara
|
| 999 |
|
|
|a 0001734380
|b Book
|c Adult Collection
|e Cawangan Kota Tinggi
|
| 999 |
|
|
|a 0001734381
|b Book
|c Adult Collection
|e Cawangan Bukit Gambir
|
| 999 |
|
|
|a 0001734382
|b Book
|c Adult Collection
|e Cawangan Pontian
|